De las vaquerías al alambrado : contribución a la historia rural uruguaya /

Spremljeno u:
Bibliografski detalji
Glavni autor: Barrios Pintos, Aníbal
Format: Knjiga
Jezik:Spanish
Izdano: Montevideo : Ediciones del Nuevo Mundo, 1967.
Serija:Biblioteca uruguaya 5
Teme:
LEADER 01165nam a2200301 a 4500
001 c000193453
003 CARM
005 20021125001700.0
008 870615s1967 uy af b 00010 spa
019 1 |a 3601623  |5 LACONCORD2021 
035 |a (OCoLC)4105124  |5 LACONCORD2021 
043 |a s-uy--- 
050 0 0 |a F2723  |b .B337 1967 
100 2 |a Barrios Pintos, Aníbal. 
245 1 0 |a De las vaquerías al alambrado :  |b contribución a la historia rural uruguaya /  |c Aníbal Barrios Pintos. 
260 |a Montevideo :  |b Ediciones del Nuevo Mundo,  |c 1967. 
300 |a 254 p., [32] p. of plates :  |b ill. ;  |c 17 cm. 
440 0 |a Biblioteca uruguaya  |v 5 
504 |a Includes bibliographies. 
650 0 |a Beef cattle  |z Uruguay  |x History. 
650 0 |a Ranch life  |z Uruguay  |x History. 
651 0 |a Uruguay  |x History  |y To 1810. 
651 0 |a Uruguay  |x History  |y 1810-1830. 
651 0 |a Uruguay  |x History  |y 1830-1875. 
852 8 |b CARM  |h A2:AM04A0  |i A03302  |p 0296695  |f BK 
082 0 4 |a 989.5  |2 19 
999 f f |i 9cde5105-54ed-545a-8ae7-673c64a62225  |s 6667b629-bd9e-5e4d-ab7b-d0037e239591 
952 f f |p Can circulate  |a CAVAL  |b CAVAL  |c CAVAL  |d CARM 1 Store  |e A03302  |f A2:AM04A0  |h Other scheme  |i book  |m 0296695